[Event "Montebelluna Elite 2020"]
[Site "Montebelluna"]
[Date "2020.01.04"]
[Round "6.1"]
[White "Martinez Alcantara, Jose Eduardo"]
[Black "Ter-Sahakyan, Samvel"]
[Result "0-1"]
[WhiteElo "2606"]
[BlackElo "2617"]
[Annotator "TA"]
[PlyCount "71"]
[EventDate "2020.01.02"]
[EventType "swiss"]
[EventCountry "ITA"]
[SourceTitle "playchess.com"]
[Source "ChessBase"]
[SourceQuality "1"]

{[%evp 11,71,0,4,0,5,0,0,0,10,-2,0,0,8,8,4,5,22,-39,-35,-42,-47,-47,-45,-62,-62,-89,-91,-117,-120,-122,-127,-215,-161,-223,-220,-287,-275,-319,-205,-362,-390,-388,-385,-373,-315,-394,-327,-589,-266,-481,-442,-870,-864,-980,-755,-1391,-1364,-1295,-1320,-1563,-1537,-1370]} 1. Nf3 d5 2. g3 g6 3. Bg2 Bg7 4. O-O e5 5. d3 Ne7 6. e4 d4 7. c3 {A07: Réti Opening: New York and Capablanca Systems} (7. a4 c5 8. Na3 Nbc6 9. c3 h6 10. cxd4 cxd4 11. Bd2 O-O 12. b4 Bg4 13. Nc4 Rc8 14. b5 Nb8 {1-0 (33) Le,Q (2703)-Ponomariov,R (2731) Beijing 2013}) 7... c5 8. b4 cxb4 9. cxb4 {The position is equal.} O-O 10. Nbd2 a6 {[%cal Ba7a6,Ba6a5][%mdl 32]} 11. a4 Nec6 12. Nc4 Be6 13. Bg5 $146 ({Predecessor:} 13. Qb3 h6 14. Bd2 Nd7 {1-0 (55) Lohmann,H (2527)-Ruemmele,M (2539) ICCF email 2008}) 13... Qc7 14. Bd2 (14. Rc1 $1 $11) 14... Bxc4 $1 $15 15. dxc4 a5 16. b5 Nd8 17. Bh3 Nd7 18. Ne1 Nc5 19. Qb1 b6 20. Bc1 Ndb7 21. Ba3 (21. Ra2 $17) 21... Rfd8 22. Bxc5 (22. Bc1 $142) 22... Nxc5 $19 ({Inferior is} 22... bxc5 23. Nd3 $11) 23. Ra3 Qe7 24. Ra2 Bh6 25. Bg2 $2 {[#]} (25. Nd3) 25... d3 26. Ra3 {[%cal Re1d3]} d2 27. Nc2 Rd7 28. Rd1 Rad8 29. Qa2 $2 (29. Ne3 Bxe3 30. Rxe3) 29... Qe6 (29... Nd3 $142 {And now ...Qc5 would win.} 30. Bf1 Qc5 31. Rxd3 Rxd3) 30. Bf3 $2 (30. Ne3) 30... Qf6 {Black is clearly winning.} 31. Bg4 (31. Qa1 $142) 31... Rd3 32. f3 Rxa3 {[%mdl 64] [#] Overworked Piece} 33. Nxa3 Be3+ 34. Kg2 h5 35. Bh3 Rd3 36. Nb1 {Accuracy: White = 35%, Black = 75%.} 0-1

[Event "Montebelluna Elite 2020"]
[Site "Montebelluna"]
[Date "2020.01.04"]
[Round "6.2"]
[White "Radovanovic, Mihajlo"]
[Black "Erigaisi Arjun"]
[Result "1/2-1/2"]
[WhiteElo "2485"]
[BlackElo "2575"]
[Annotator "ChessBase"]
[PlyCount "119"]
[EventDate "2020.01.02"]
[EventType "swiss"]
[EventCountry "ITA"]
[SourceTitle "playchess.com"]
[Source "ChessBase"]
[SourceQuality "1"]
[TimeControl "5400+30"]

1. Nf3 {[%emt 0:00:00]} Nf6 {[%emt 0:00:33]} 2. c4 {[%emt 0:00:00]} e6 {[%emt 0:00:08]} 3. Nc3 {[%emt 0:00:02]} d5 {[%emt 0:00:06]} 4. d4 {[%emt 0:00:04]} c6 {[%emt 0:00:10]} 5. e3 {[%emt 0:01:09]} Nbd7 {[%emt 0:00:06]} 6. Qc2 {[%emt 0:00:07]} Bd6 {[%emt 0:00:05]} 7. Bd3 {[%emt 0:00:10]} dxc4 {[%emt 0:00:06]} 8. Bxc4 {[%emt 0:00:03]} O-O {[%emt 0:00:07]} 9. O-O {[%emt 0:00:08]} e5 {[%emt 0:00:53]} 10. h3 {[%emt 0:02:17]} h6 {[%emt 0:00:52]} 11. Rd1 {[%emt 0:03:38]} Qc7 {[%emt 0:00:06]} 12. Bb3 {[%emt 0:02:21]} Re8 {[%emt 0:01:58]} 13. a3 {[%emt 0:03:00]} a6 {[%emt 0:00:31]} 14. Ba2 {[%emt 0:06:43]} exd4 {[%emt 0:07:33]} 15. exd4 {[%emt 0:00:05]} Nf8 {[%emt 0:00:05]} 16. Be3 {[%emt 0:06:40]} Be6 {[%emt 0:01:09]} 17. Bxe6 {[%emt 0:01:00]} Nxe6 {[%emt 0:00:07]} 18. Rac1 {[%emt 0:00:06]} Nf4 {[%emt 0:11:12]} 19. Bxf4 {[%emt 0:02:31]} Bxf4 {[%emt 0:00:21]} 20. Rb1 {[%emt 0:00:02]} Rad8 {[%emt 0:01:49]} 21. Re1 {[%emt 0:01:48]} Qc8 {[%emt 0:01:14]} 22. Rbd1 {[%emt 0:01:38]} Bb8 {[%emt 0:01:52]} 23. Qb3 {[%emt 0:05:05]} Ba7 {[%emt 0:00:39]} 24. Ne5 {[%emt 0:06:52]} Qc7 {[%emt 0:00:44]} 25. Qc4 {[%emt 0:01:21]} c5 {[%emt 0:06:42]} 26. Ne4 {[%emt 0:04:46]} b5 {[%emt 0:02:03]} 27. Qc2 {[%emt 0:04:52]} Nxe4 {[%emt 0:00:20]} 28. Rxe4 {[%emt 0:00:57]} Bb8 {[%emt 0:01:52]} 29. Nf3 {[%emt 0:04:47]} Rxe4 {[%emt 0:00:20]} 30. Qxe4 {[%emt 0:00:01]} cxd4 {[%emt 0:00:08]} 31. g3 {[%emt 0:01:05]} Ba7 {[%emt 0:00:16]} 32. Kg2 {[%emt 0:00:53]} a5 {[%emt 0:09:55]} 33. Rd2 {[%emt 0:03:06]} Qd6 {[%emt 0:05:49]} 34. Ne1 {[%emt 0:00:58]} b4 {[%emt 0:03:21]} 35. axb4 {[%emt 0:01:21]} Qxb4 {[%emt 0:00:11]} 36. Re2 {[%emt 0:02:14]} Qb5 {[%emt 0:02:01]} 37. Nd3 {[%emt 0:01:06]} a4 {[%emt 0:00:14]} 38. Qf3 {[%emt 0:01:55]} Re8 {[%emt 0:05:07]} 39. Rxe8+ {[%emt 0:01:14]} Qxe8 {[%emt 0:00:07]} 40. Qb7 {[%emt 0:00:30]} Bb6 {[%emt 0:02:38]} 41. Kf3 {[%emt 0:06:40]} Qb5 {[%emt 0:01:04]} 42. Qc8+ {[%emt 0:01:14]} Kh7 {[%emt 0:00:08]} 43. Ke4 {[%emt 0:00:07]} g6 {[%emt 0:01:57]} 44. g4 {[%emt 0:01:08]} Kg7 {[%emt 0:00:23]} 45. f4 {[%emt 0:01:44]} a3 {[%emt 0:11:30]} 46. bxa3 {[%emt 0:00:30]} Qb1 {[%emt 0:00:05]} 47. f5 {[%emt 0:10:21]} Qh1+ {[%emt 0:01:57]} 48. Ke5 {[%emt 0:00:03]} Qf3 {[%emt 0:00:07]} 49. Qc4 {[%emt 0:01:27]} Qg3+ {[%emt 0:04:27]} 50. Kd5 {[%emt 0:00:31]} Qxh3 {[%emt 0:00:09]} 51. f6+ {[%emt 0:01:52]} Kxf6 {[%emt 0:01:38]} 52. Kc6 {[%emt 0:04:29]} Ba7 {[%emt 0:03:13]} 53. Kb7 {[%emt 0:00:52]} h5 {[%emt 0:00:46]} 54. Kxa7 {[%emt 0:00:54]} Qxg4 {[%emt 0:00:04]} 55. Kb6 {[%emt 0:01:06]} h4 {[%emt 0:00:25]} 56. Kc5 {[%emt 0:03:58]} h3 {[%emt 0:07:45]} 57. Qxd4+ {[%emt 0:00:24]} Qxd4+ {[%emt 0:00:06]} 58. Kxd4 {[%emt 0:00:01]} h2 {[%emt 0:00:07]} 59. Nf2 {[%emt 0:00:04]} Ke6 {[%emt 0:00:04]} 60. Ke4 {[%emt 0:06:00] Ke5+} 1/2-1/2

[Event "Montebelluna Elite 2020"]
[Site "Montebelluna"]
[Date "2020.01.04"]
[Round "6.3"]
[White "Gokerkan, Cem Kaan"]
[Black "Barseghyan, Harutyun"]
[Result "1-0"]
[WhiteElo "2458"]
[BlackElo "2459"]
[Annotator "ChessBase"]
[PlyCount "103"]
[EventDate "2020.01.02"]
[EventType "swiss"]
[EventCountry "ITA"]
[SourceTitle "playchess.com"]
[Source "ChessBase"]
[SourceQuality "1"]
[TimeControl "5400+30"]

1. e4 {[%emt 0:00:00]} c5 {[%emt 0:04:21]} 2. Nf3 {[%emt 0:00:30]} e6 {[%emt 0:00:20]} 3. d4 {[%emt 0:00:35]} cxd4 {[%emt 1:26:49]} 4. Nxd4 {[%emt 0:00:07]} a6 {[%emt 0:00:00]} 5. Bd3 {[%emt 0:00:31]} Qb6 {[%emt 0:00:00]} 6. Nb3 {[%emt 0:07:01]} Qc7 {[%emt 0:00:00]} 7. O-O {[%emt 0:00:52]} d6 {[%emt 0:00:00]} 8. c4 {[%emt 0:07:49]} Nf6 {[%emt 0:00:00]} 9. Nc3 {[%emt 0:00:11]} Be7 {[%emt 0:00:00]} 10. Be3 {[%emt 0:01:39]} O-O {[%emt 0:00:00]} 11. Rc1 {[%emt 0:00:51]} Nbd7 {[%emt 0:00:00]} 12. f4 {[%emt 0:00:56]} b6 {[%emt 0:00:00]} 13. Qf3 {[%emt 0:01:07]} Bb7 {[%emt 0:00:00]} 14. Qh3 {[%emt 0:04:51]} Rfe8 {[%emt 0:00:00]} 15. Rf3 {[%emt 0:05:02]} Rac8 {[%emt 0:00:00]} 16. Rcf1 {[%emt 0:00:58]} Qb8 {[%emt 0:00:00]} 17. Rg3 {[%emt 0:11:43]} b5 {[%emt 0:00:00]} 18. cxb5 {[%emt 0:09:59]} axb5 {[%emt 0:00:00]} 19. Bxb5 {[%emt 0:02:47]} Rxc3 {[%emt 0:00:00]} 20. bxc3 {[%emt 0:00:45]} Bxe4 {[%emt 0:00:00]} 21. Nd4 {[%emt 0:07:42]} Kh8 {[%emt 0:00:00]} 22. a4 {[%emt 0:01:37]} Qb7 {[%emt 0:00:00]} 23. c4 {[%emt 0:14:05]} Ra8 {[%emt 0:00:00]} 24. Bf2 {[%emt 0:01:10]} Nc5 {[%emt 0:00:00]} 25. Ra3 {[%emt 0:02:28]} Bd8 {[%emt 0:00:00]} 26. Rfa1 {[%emt 0:01:15]} Ba5 {[%emt 0:00:00]} 27. Be1 {[%emt 0:06:01]} Bb6 {[%emt 0:00:00]} 28. a5 {[%emt 0:00:54]} Ba7 {[%emt 0:00:00]} 29. a6 {[%emt 0:01:02]} Qc7 {[%emt 0:00:00]} 30. Kh1 {[%emt 0:01:15]} Rg8 {[%emt 0:00:00]} 31. Bh4 {[%emt 0:02:20]} Ba8 {[%emt 0:00:00]} 32. Ba4 {[%emt 0:05:12]} Nxa4 {[%emt 0:00:00]} 33. Nb5 {[%emt 0:00:02]} Qxc4 {[%emt 0:00:00]} 34. Nxd6 {[%emt 0:00:50]} Qc7 {[%emt 0:00:00]} 35. Nb5 {[%emt 0:00:01]} Qd7 {[%emt 0:03:05]} 36. Nxa7 {[%emt 0:00:12]} Nc5 {[%emt 0:00:02]} 37. Bxf6 {[%emt 0:01:53]} gxf6 {[%emt 0:00:03]} 38. Rg3 {[%emt 0:00:02]} Rxg3 {[%emt 0:09:02]} 39. Qxg3 {[%emt 0:00:01]} h6 {[%emt 0:02:34]} 40. f5 {[%emt 0:02:27]} Qd4 {[%emt 0:02:32]} 41. Rb1 {[%emt 0:00:12]} Kh7 {[%emt 0:00:15]} 42. Nb5 {[%emt 0:00:27]} Qc4 {[%emt 0:01:08]} 43. Nd6 {[%emt 0:00:27]} Qc2 {[%emt 0:00:13]} 44. Rf1 {[%emt 0:00:19]} Qe2 {[%emt 0:01:00]} 45. Qf2 {[%emt 0:00:28]} Qxa6 {[%emt 0:00:27]} 46. Nxf7 {[%emt 0:01:20]} Ne4 {[%emt 0:00:15]} 47. Qf4 {[%emt 0:00:00]} e5 {[%emt 0:00:41]} 48. Qxh6+ {[%emt 0:02:04]} Kg8 49. Rb1 {[%emt 0:00:00]} Nf2+ {[%emt 0:01:11]} 50. Kg1 {[%emt 0:00:00]} Bb7 {[%emt 0:00:31]} 51. Qh8+ {[%emt 0:00:00]} Kxf7 {[%emt 0:00:01]} 52. Rxb7+ {[%emt 0:00:00]} 1-0

[Event "Montebelluna Elite 2020"]
[Site "Montebelluna"]
[Date "2020.01.04"]
[Round "6.4"]
[White "Delchev, Aleksander"]
[Black "Sonis, Francesco"]
[Result "1/2-1/2"]
[WhiteElo "2550"]
[BlackElo "2458"]
[Annotator "ChessBase"]
[PlyCount "49"]
[EventDate "2020.01.02"]
[EventType "swiss"]
[EventCountry "ITA"]
[SourceTitle "playchess.com"]
[Source "ChessBase"]
[SourceQuality "1"]
[TimeControl "5400+30"]

1. c4 {[%emt 0:00:00]} e5 {[%emt 0:12:12]} 2. Nc3 {[%emt 0:00:01]} Nf6 {[%emt 0:00:30]} 3. Nf3 {[%emt 0:00:30]} Nc6 {[%emt 0:00:30]} 4. e4 {[%emt 0:00:30]} Bc5 {[%emt 0:00:30]} 5. Nxe5 {[%emt 0:00:30]} Nxe5 {[%emt 0:00:00]} 6. d4 {[%emt 0:00:00]} Bb4 {[%emt 0:00:00]} 7. dxe5 {[%emt 0:00:00]} Nxe4 {[%emt 0:00:00]} 8. Qf3 {[%emt 0:12:47]} Nxc3 {[%emt 0:00:00]} 9. bxc3 {[%emt 0:00:11]} Ba5 {[%emt 0:00:00]} 10. Be2 {[%emt 0:37:50]} O-O {[%emt 0:00:00]} 11. O-O {[%emt 0:00:04]} d6 {[%emt 0:13:00]} 12. Ba3 {[%emt 0:04:49]} Re8 {[%emt 0:03:38]} 13. exd6 {[%emt 0:00:44]} cxd6 {[%emt 0:00:30]} 14. Rad1 {[%emt 0:00:30]} Qe7 {[%emt 0:00:30]} 15. Bd3 {[%emt 0:00:30]} g6 {[%emt 0:00:30]} 16. Qg3 {[%emt 0:00:30]} Qe5 {[%emt 0:00:30]} 17. Bxd6 {[%emt 0:00:30]} Qxg3 {[%emt 0:05:18]} 18. hxg3 {[%emt 0:10:25]} Bxc3 {[%emt 0:00:17]} 19. c5 {[%emt 0:00:13]} Bd7 {[%emt 0:00:30]} 20. Rb1 {[%emt 0:00:30]} Bc6 {[%emt 0:00:30]} 21. Bb5 {[%emt 0:00:30]} Be5 {[%emt 0:00:30]} 22. Bxc6 {[%emt 0:00:30]} bxc6 {[%emt 0:00:30]} 23. Rb7 {[%emt 0:00:30]} Rad8 {[%emt 0:00:30]} 24. Rd1 {[%emt 0:00:30]} Re6 {[%emt 0:00:30]} 25. Rxa7 {[%emt 0:00:30]} 1/2-1/2

[Event "Montebelluna Elite 2020"]
[Site "Montebelluna"]
[Date "2020.01.04"]
[Round "6.5"]
[White "Sumets, Andrey"]
[Black "Yurtseven, Melih"]
[Result "0-1"]
[WhiteElo "2566"]
[BlackElo "2385"]
[Annotator "RC"]
[PlyCount "104"]
[EventDate "2020.01.02"]
[EventType "swiss"]
[EventCountry "ITA"]
[SourceTitle "playchess.com"]
[Source "ChessBase"]
[SourceQuality "1"]
[TimeControl "5400+30"]

1. d4 {[%emt 0:00:00]} e6 {[%emt 0:01:33]} 2. c4 {[%emt 0:00:43]} Nf6 {[%emt 0:00:09]} 3. Nf3 {[%emt 0:00:22]} c5 {[%emt 0:00:44]} 4. d5 {[%emt 0:00:12]} d6 {[%emt 0:00:25]} 5. Nc3 {[%emt 0:00:44]} exd5 {[%emt 0:00:06]} 6. cxd5 {[%emt 0:00:03]} g6 {[%emt 0:00:07]} 7. Nd2 {[%emt 0:00:03]} Bg7 {[%emt 0:10:58]} 8. e4 {[%emt 0:00:20]} O-O {[%emt 0:00:07]} 9. Be2 {[%emt 0:00:03]} Ne8 {[%emt 0:02:25]} 10. O-O {[%emt 0:00:22]} f5 {[%emt 0:01:35]} 11. exf5 {[%emt 0:03:40]} Bxf5 {[%emt 0:00:03]} 12. Nc4 {[%emt 0:02:20]} Na6 {[%emt 0:02:42]} 13. Bf4 {[%emt 0:00:35]} b5 {[%emt 0:18:23]} 14. Nxb5 {[%emt 0:25:38]} Bd7 {[%emt 0:04:18]} 15. Bxd6 {[%emt 0:00:04]} Bxb5 {[%emt 0:00:16]} 16. Bxf8 {[%emt 0:00:03]} Kxf8 {[%emt 0:05:38]} 17. d6 {[%emt 0:03:08]} Bd4 {[%emt 0:07:15]} 18. Ne5 {[%emt 0:01:05]} Rb8 {[%emt 0:23:39]} 19. Bxb5 {[%emt 0:00:52]} Rxb5 {[%emt 0:02:19]} 20. Qf3+ {[%emt 0:01:00]} Nf6 {[%emt 0:01:28]} 21. Nc4 {[%emt 0:00:06]} Nb4 {[%emt 0:06:32]} 22. Rae1 {[%emt 0:03:33]} Nbd5 {[%emt 0:05:07]} 23. Re6 {[%emt 0:01:09]} Kg8 {[%emt 0:03:29]} 24. Rfe1 {[%emt 0:00:50]} Qf8 {[%emt 0:01:15]} 25. d7 {[%emt 0:05:18]} Rb8 {[%emt 0:00:42]} 26. Nd6 {[%emt 0:15:33]} Nc7 {[%emt 0:00:01]} 27. Re7 {[%emt 0:04:31]} Rxb2 {[%emt 0:00:02]} 28. Re8 {[%emt 0:02:01]} Ncxe8 {[%emt 0:01:17]} 29. d8=Q {[%emt 0:11:31]} Nxd6 {[%emt 0:00:41]} 30. Qxf8+ {[%emt 0:02:12]} Kxf8 {[%emt 0:00:01]} 31. Qa8+ {[%emt 0:01:44]} Nde8 {[%emt 0:01:38]} 32. Rf1 {[%emt 0:00:20]} Rxa2 {[%emt 0:00:09]} 33. h3 {[%emt 0:00:06]} h5 {[%emt 0:00:44]} 34. Qc6 {[%emt 0:00:12]} h4 {[%emt 0:00:40]} 35. Qf3 {[%emt 0:00:17]} a5 {[%emt 0:00:27]} 36. Qf4 {[%emt 0:00:27]} a4 {[%emt 0:00:01]} 37. Qxh4 {[%emt 0:00:28]} a3 {[%emt 0:00:28]} 38. Qg3 {[%emt 0:00:30]} Rxf2 {[%emt 0:01:01]} 39. Qxf2 {[%emt 0:00:13]} Bxf2+ {[%emt 0:00:27]} 40. Rxf2 {[%emt 0:00:38]} Ke7 {[%emt 0:00:13]} 41. Ra2 {[%emt 0:00:03]} Ke6 {[%emt 0:00:39]} 42. Rxa3 {[%emt 0:00:05]} Nd6 {[%emt 0:00:22]} 43. Kf2 {[%emt 0:00:13]} Nde4+ {[%emt 0:00:39]} 44. Ke3 {[%emt 0:00:23]} Ke5 {[%emt 0:00:20]} 45. Ra4 {[%emt 0:02:14]} Nd5+ {[%emt 0:00:35]} 46. Kf3 {[%emt 0:00:41]} c4 {[%emt 0:00:32]} 47. h4 {[%emt 0:02:10]} Nd2+ {[%emt 0:00:30]} 48. Kf2 {[%emt 0:00:31]} Ne4+ {[%emt 0:00:22]} 49. Kf3 {[%emt 0:00:06]} Nd2+ {[%emt 0:00:22]} 50. Kf2 {[%emt 0:00:03]} c3 {[%emt 0:00:58]} 51. Ke2 {[%emt 0:04:35]} Nb3 {[%emt 0:00:10]} 52. Rc4 {[%emt 0:04:28]} c2 {[%emt 0:00:07]} 0-1

[Event "Montebelluna Elite 2020"]
[Site "Montebelluna"]
[Date "2020.01.04"]
[Round "6.6"]
[White "Nikolovski, Nikola"]
[Black "Gaehwiler, Gabriel"]
[Result "1-0"]
[WhiteElo "2442"]
[BlackElo "2394"]
[Annotator "NA"]
[PlyCount "55"]
[EventDate "2020.01.02"]
[EventType "swiss"]
[EventCountry "ITA"]
[SourceTitle "playchess.com"]
[Source "ChessBase"]
[SourceQuality "1"]
[TimeControl "5400+30"]

1. e4 {[%emt 0:00:00]} c5 {[%emt 0:00:00]} 2. Be2 {[%emt 0:01:29]} d6 {[%emt 0:11:36]} 3. f4 {[%emt 0:00:50]} e5 {[%emt 0:07:26]} 4. fxe5 {[%emt 0:11:53]} dxe5 {[%emt 0:07:18]} 5. Nf3 {[%emt 0:00:26]} Nf6 $14 {[%emt 0:08:43]} 6. Nc3 {[%emt 0:20:00]} Bd6 {[%emt 0:01:40]} 7. O-O {[%emt 0:58:52]} O-O {[%emt 0:02:03]} 8. Bc4 {[%emt 0:00:00]} Nc6 {[%emt 0:03:39]} 9. d3 {[%emt 0:00:00]} Nd4 {[%emt 0:05:36]} 10. Bg5 {[%emt 0:00:00]} Ne6 {[%emt 0:08:09]} 11. Bh4 {[%emt 0:00:00]} Nf4 {[%emt 0:08:05]} 12. g3 {[%emt 0:00:00]} Ng6 {[%emt 0:02:18]} 13. Nd5 {[%emt 0:00:00]} Be7 {[%emt 0:03:48]} 14. Bxf6 {[%emt 0:00:00]} Bxf6 {[%emt 0:00:06]} 15. Qd2 {[%emt 0:00:00]} Be6 {[%emt 0:04:33]} 16. a4 {[%emt 0:00:00]} h6 {[%emt 0:03:07]} 17. h4 {[%emt 0:00:00]} Bxd5 {[%emt 0:01:01]} 18. Bxd5 {[%emt 0:00:00]} Ne7 {[%emt 0:00:09]} 19. Bc4 {[%emt 0:00:00]} Qd7 {[%emt 0:01:26]} 20. Kg2 {[%emt 0:00:00]} Ng6 {[%emt 0:04:25]} 21. Nh2 {[%emt 0:00:00]} Kh7 {[%emt 0:05:22]} 22. Rf2 {[%emt 0:00:00]} Nh8 {[%emt 0:01:26]} 23. Rf5 {[%emt 0:00:00]} Bd8 {[%emt 0:05:52]} 24. Ng4 {[%emt 0:00:00]} Bc7 {[%emt 0:02:15]} 25. Nf6+ gxf6 {[%emt 0:00:21]} 26. Rh5 {[%emt 0:00:00]} Qg4 {[%emt 0:00:52]} 27. Qxh6+ {[%emt 0:00:00]} Kg8 {[%emt 0:00:04]} 28. Qh7# {[%emt 0:00:00]} 1-0

[Event "Montebelluna Elite 2020"]
[Site "Montebelluna"]
[Date "2020.01.04"]
[Round "6.7"]
[White "Lazov, Toni"]
[Black "Ozenir, Ekin Baris"]
[Result "0-1"]
[WhiteElo "2420"]
[BlackElo "2285"]
[Annotator "NA"]
[PlyCount "68"]
[EventDate "2020.01.02"]
[EventType "swiss"]
[EventCountry "ITA"]
[SourceTitle "playchess.com"]
[Source "ChessBase"]
[SourceQuality "1"]
[TimeControl "5400+30"]

1. e4 {[%emt 0:00:00]} e6 {[%emt 0:04:53]} 2. d4 {[%emt 0:00:00]} d5 {[%emt 0:00:12]} 3. Nd2 {[%emt 0:00:00]} c5 {[%emt 0:00:23]} 4. Ngf3 {[%emt 0:00:00]} Nf6 {[%emt 0:00:38]} 5. e5 {[%emt 0:00:09]} Nfd7 {[%emt 0:00:13]} 6. c3 {[%emt 0:01:34]} Nc6 {[%emt 0:00:05]} 7. Bd3 {[%emt 0:00:04]} Be7 {[%emt 0:03:23]} 8. O-O {[%emt 0:00:44]} Qb6 {[%emt 0:02:16]} 9. dxc5 {[%emt 0:09:21]} Nxc5 {[%emt 0:03:03]} 10. Bc2 {[%emt 0:00:49]} Qc7 {[%emt 0:01:08]} 11. Re1 {[%emt 0:00:31]} b6 {[%emt 0:10:28]} 12. b4 {[%emt 0:11:31]} Nd7 {[%emt 0:00:54]} 13. Qe2 $17 {[%emt 0:00:03]} (13. Nb3 $11 {keeps the balance.}) 13... Nxb4 {[%emt 0:07:55]} 14. cxb4 {[%emt 0:12:28]} Qxc2 {[%emt 0:01:03]} 15. Nd4 {[%emt 0:01:03]} Qa4 {[%emt 0:12:15]} 16. Qg4 {[%emt 0:06:30]} g6 {[%emt 0:05:47]} 17. N2f3 {[%emt 0:03:32]} h6 {[%emt 0:06:14]} 18. Bd2 {[%emt 0:10:25]} Nc5 {[%emt 0:02:36]} 19. bxc5 {[%emt 0:12:00]} bxc5 {[%emt 0:00:05]} 20. Rec1 {[%emt 0:02:53]} Bd7 {[%emt 0:05:16]} 21. a3 {[%emt 0:06:43]} cxd4 {[%emt 0:04:18]} 22. Nxd4 {[%emt 0:00:12]} Bg5 {[%emt 0:01:42]} 23. Bxg5 {[%emt 0:07:10]} hxg5 {[%emt 0:00:01]} 24. g3 {[%emt 0:00:01]} Rc8 {[%emt 0:02:47]} 25. Rxc8+ {[%emt 0:03:01]} Bxc8 {[%emt 0:00:01]} 26. Kg2 {[%emt 0:05:36]} Ba6 {[%emt 0:02:20]} 27. Rc1 {[%emt 0:01:04]} O-O {[%emt 0:00:30]} 28. h4 {[%emt 0:00:59]} Bd3 {[%emt 0:01:18]} 29. Kh2 {[%emt 0:04:21]} Be4 {[%emt 0:02:34]} 30. Rd1 {[%emt 0:00:03]} Rc8 {[%emt 0:03:42]} 31. Nxe6 {[%emt 0:01:05]} Qc2 {[%emt 0:00:41]} 32. Rf1 {[%emt 0:00:36]} Bf5 {[%emt 0:00:10]} 33. Qxg5 {[%emt 0:00:33]} Bxe6 {[%emt 0:00:07]} 34. h5 {[%emt 0:00:37]} Qf5 {[%emt 0:00:10]} 0-1

[Event "Montebelluna Elite 2020"]
[Site "Montebelluna"]
[Date "2020.01.04"]
[Round "6.8"]
[White "Sankalp Gupta"]
[Black "Raja Rithvik R"]
[Result "1-0"]
[WhiteElo "2400"]
[BlackElo "2412"]
[Annotator "TA"]
[PlyCount "75"]
[EventDate "2020.01.02"]
[EventType "swiss"]
[EventCountry "ITA"]
[SourceTitle "playchess.com"]
[Source "ChessBase"]
[SourceQuality "1"]

{[%evp 9,77,7,20,14,19,20,10,0,0,0,0,0,0,-9,4,-6,14,-10,13,0,-3,-6,64,73,73,66,58,75,71,60,83,76,118,89,120,108,92,97,168,165,172,170,176,119,141,140,139,127,129,137,142,142,125,70,391,380,433,342,433,249,249,246,388,293,329,322,770,770,756,748]} 1. e4 c5 2. Nf3 d6 3. d4 cxd4 4. Qxd4 Nc6 5. Qe3 g6 6. Be2 {B53: Sicilian: 2...d6: Lines with Qxd4} Bg7 7. O-O Nf6 8. h3 {The position is equal.} O-O 9. Nc3 (9. c4 b6 10. Rd1 Nd7 11. Nc3 Bb7 12. b3 Nb4 {0-1 (37) Anand,V (2764)-Vachier Lagrave,M (2775) Paris 2019}) 9... a6 10. Rd1 Qc7 11. a4 $146 ({Predecessor:} 11. Na4 Nb4 12. Ne1 b5 {½-½ (40) Saksham,R (2123)-Prraneeth,V (2228) Mumbai 2019}) 11... Bd7 12. Bd2 Rfc8 13. Be1 Na5 14. b4 Nc6 15. Rab1 Be6 (15... e6 $11) 16. Nd5 $14 Bxd5 17. exd5 Nd8 18. c4 $36 {[%mdl 2048] Black is under strong pressure.} e6 19. a5 exd5 20. cxd5 Qd7 21. Qb3 Rc7 22. Nd2 Qe7 23. Bf1 Ne4 (23... Nh5 $16) 24. Nc4 $18 f5 25. f3 Nf6 26. Bf2 (26. Nb6 $18 Rb8 27. Bh4) 26... Nf7 $16 27. Re1 Qf8 28. b5 axb5 29. Qxb5 Nd7 30. Nb6 Nxb6 31. Qxb6 ({White should play} 31. Bxb6 $16 Rcc8 32. f4) 31... Qc8 $2 {[%mdl 8192] [#]} ({Black should try} 31... Rcc8 $14) 32. Bb5 $1 $18 {Black must now prevent Re8+.} Ne5 {If only Black now had time for ...Bf8....} 33. Qxd6 Rc2 34. f4 (34. Qe7 $142) 34... Nf7 35. Qb6 Qc3 (35... Qf8 $142 36. Rec1 Rxc1+ 37. Rxc1 Bh6) 36. Qxb7 Rf8 {White should prevent ...Rxf2.} 37. Qc6 Rc8 $2 {[#]} (37... Rxf2 38. Qxc3 (38. Kxf2 Bd4+ 39. Ke2 Bc5 $16) 38... Bxc3) 38. Re8+ {Played: Qc6xc8} 1-0

[Event "Montebelluna Elite 2020"]
[Site "Montebelluna"]
[Date "2020.01.04"]
[Round "6.9"]
[White "Vignesh B"]
[Black "Can, Isik"]
[Result "1/2-1/2"]
[WhiteElo "1912"]
[BlackElo "2374"]
[Annotator "NA"]
[PlyCount "46"]
[EventDate "2020.01.02"]
[EventType "swiss"]
[EventCountry "ITA"]
[SourceTitle "playchess.com"]
[Source "ChessBase"]
[SourceQuality "1"]
[TimeControl "5400+30"]

1. e4 {[%emt 0:00:00]} c6 {[%emt 0:00:00]} 2. d4 {[%emt 0:00:00]} d5 {[%emt 0:00:00]} 3. Nc3 {[%emt 0:00:00]} dxe4 {[%emt 0:00:00]} 4. Nxe4 {[%emt 0:00:00]} Bf5 {[%emt 0:00:00]} 5. Ng3 {[%emt 0:00:06]} Bg6 {[%emt 0:00:03]} 6. Nh3 {[%emt 0:00:09]} Nf6 {[%emt 0:00:51]} 7. Nf4 {[%emt 0:00:07]} e5 {[%emt 0:00:05]} 8. dxe5 {[%emt 0:00:08] B18: Classical Caro-Kann: 4...Bf5 sidelines} Qa5+ {[%emt 0:00:11]} 9. c3 {[%emt 0:00:03]} Qxe5+ {[%emt 0:00:06]} 10. Qe2 {[%emt 0:02:57]} Nbd7 {[%emt 0:00:16]} 11. Nxg6 {[%emt 0:01:39]} hxg6 {[%emt 0:00:49]} 12. Bf4 {[%emt 0:00:03]} Qxe2+ {[%emt 0:00:51]} 13. Bxe2 {[%emt 0:00:03]} O-O-O {[%emt 0:00:38] [#]} 14. Bg5 $146 {[%emt 0:02:31]} ({Predecessor:} 14. Rd1 Nd5 15. Bc1 N7f6 {½-½ (48) Duda,J (2645)-Yuffa,D (2476) Khanty-Mansiysk 2015}) 14... Bc5 {[%emt 0:09:23]} 15. O-O {[%emt 0:01:15]} Ne5 {[%emt 0:01:34]} 16. Rad1 {[%emt 0:00:20]} Bb6 {[%emt 0:13:20]} 17. Bxf6 {[%emt 0:00:55]} gxf6 {[%emt 0:00:08]} 18. Ne4 {[%emt 0:00:03]} f5 {[%emt 0:00:14]} 19. Nd6+ {[%emt 0:00:08]} Kc7 {[%emt 0:00:35]} 20. Nc4 {[%emt 0:00:07]} f6 $11 {[%emt 0:00:15]} 21. Nxb6 {[%emt 0:01:08]} axb6 {[%emt 0:00:29]} 22. f4 {[%emt 0:00:38]} Nf7 {[%emt 0:00:47]} 23. Rf3 {[%emt 0:02:29]} Nd6 {[%emt 0:07:21]} 1/2-1/2